书目信息 |
| 题名: |
C语言程序设计
|
|
| 作者: | 熊聪聪 , 宁爱军 主编 | |
| 分册: | ||
| 出版信息: | 北京 人民邮电出版社 2021.04 |
|
| 页数: | 287页 | |
| 开本: | 26cm | |
| 丛书名: | ||
| 单 册: | ||
| 中图分类: | TP312.8C | |
| 科图分类: | ||
| 主题词: | C语言--C yu yan--程序设计--高等学校--教材 | |
| 电子资源: | ||
| ISBN: | 978-7-115-55486-4 | |
| 000 | 01202nam0 2200325 450 | |
| 001 | CAL 0120217129821 | |
| 005 | 20210325164131.6 | |
| 010 | @a978-7-115-55486-4@dCNY64.00 | |
| 092 | @aCN@bRt969-2109 | |
| 100 | @a20210325d2021 em y0chiy0120 ea | |
| 101 | 0 | @achi |
| 102 | @aCN@b110000 | |
| 105 | @aa a 000yy | |
| 106 | @ar | |
| 200 | 1 | @aC语言程序设计@AC yu yan cheng xu she ji@d= C programming language@f熊聪聪, 宁爱军主编@zeng |
| 205 | @a第3版 | |
| 210 | @a北京@c人民邮电出版社@d2021.04 | |
| 215 | @a287页@c图@d26cm | |
| 320 | @a有书目 | |
| 330 | @a本书以Visual C++ 2010为编程环境, 通过分析问题、设计算法、编写和调试程序等步骤, 介绍了顺序结构、选择结构、循环结构的算法分析和程序设计方法, 力求让读者掌握分析问题的方法, 培养读者算法设计的能力、编程和调试的能力以及模块化程序设计思想。 | |
| 333 | @a普通高等学校计算机教育“十三五”规划教材 | |
| 510 | 1 | @aC programming language@zeng |
| 606 | 0 | @aC语言@AC yu yan@x程序设计@x高等学校@j教材 |
| 690 | @aTP312.8C@v5 | |
| 701 | 0 | @a熊聪聪@Axiong cong cong@4主编 |
| 701 | 0 | @a宁爱军@Aning ai jun@4主编 |
| 801 | 0 | @aCN@b人天书店@c20210325 |
| 901 | @a人民邮电出版社 | |
| 905 | @aTSG@b0002385@dTP312.8C@eX632@f2 | |
| 997 | @a期货 | |
| C语言程序设计= C programming language/熊聪聪, 宁爱军主编.-第3版.-北京:人民邮电出版社,2021.04 |
| 287页:图;26cm |
| 使用对象:普通高等学校计算机教育“十三五”规划教材 |
| ISBN 978-7-115-55486-4:CNY64.00 |
| 本书以Visual C++ 2010为编程环境, 通过分析问题、设计算法、编写和调试程序等步骤, 介绍了顺序结构、选择结构、循环结构的算法分析和程序设计方法, 力求让读者掌握分析问题的方法, 培养读者算法设计的能力、编程和调试的能力以及模块化程序设计思想。 |
| ● |
| 相关链接 |
|
|
|
正题名:C语言程序设计
索取号:TP312.8C/X632
 
预约/预借
| 序号 | 登录号 | 条形码 | 馆藏地/架位号 | 状态 | 备注 |
| 1 | 1539002 | 215390020 | 自科库301/301自科库 56排5列5层/ [索取号:TP312.8C/X632] | 在馆 | |
| 2 | 1539003 | 215390039 | 自科库301/301自科库 56排7列1层/ [索取号:TP312.8C/X632] | 在馆 |